ბათუმის შოთა რუსთაველის სახელმწიფო უნივერსიტეტის ბიბლიოთეკა

იეზუიტების ორდენი = Society of jesus = La compagnia di gesu / (ბიბ.ჩანაწერი № 56890)

000 -ლიდერი
ფიქსირებული სიგრძის საკონტროლო ველი 01273nam a22002537a 4500
003 - საკონტროლო ნომრის იდენტიფიკატორი
საკონტროლო ველი Ge_BSU
005 - ბოლო ოპერაციის თარიღი და დრო
საკონტროლო ველი 20190610183845.0
008 - ფიქსირებული სიგრძის მონაცემთა ელემენტები - ზოგადი ინფორმაცია
ფიქსირებული სიგრძის საკონტროლო ველი 190610b2016 ||||| |||| 00| 0 geo d
020 ## - წიგნის საერთაშორისო სტანდარტული ნომერი
International Standard Book Number 9789941135200
041 ## - ენის კოდი
Language code of text/sound track or separate title geo
080 ## - უნივერსალური ათობითი კლასიფიკაციის ინდექსი
Universal Decimal Classification number 27-789.9 ხ-89
100 ## - მთავარი ჩანაწერი - პიროვნების სახელი
Personal name ხუბაშვილი, ია (ლეილა)
9 (RLIN) 2342
245 ## - ცნობა სათაურის შესახებ
Title იეზუიტების ორდენი = Society of jesus = La compagnia di gesu /
Statement of responsibility, etc ია (ლეილა) ხუბაშვილი ; რედ : მურმან პაპაშვილი.
250 ## - გამოცემის ცნობა
Edition statement მე-2 გადამუშავებული გამოცემა.
264 ## - წარმოების, გამოცემის, დისტრიბუციის და სხვა ცნობები
გამოცემის, წარმოების, დისტრიბუციის... ადგილი თბილისი :
გამოცემის, წარმოების, დისტრიბუციის... სახელწოდება თბილ. უნ-ტის გამ-ბა,
გამოცემის, წარმოების, დისტრიბუციის... თარიღი 2016.
300 ## - ფიზიკური აღწერა
Extent 430 გვ. ;
Dimensions 20 სმ.
500 ## - ზოგადი შენიშვნა
General note საძიებელი: გვ. 407-423
504 ## - BIBLIOGRAPHY, ETC. NOTE
Bibliography, etc ბიბლიოგრ.: გვ. 402-406
520 ## - SUMMARY, ETC.
Summary, etc დამატებითი სატიტულო გვერდი და რეზიუმე ინგლ. და იტალ. ენებზე
653 ## - INDEX TERM--UNCONTROLLED
Uncontrolled term იეზუიტების ორდენი
653 ## - INDEX TERM--UNCONTROLLED
Uncontrolled term რელიგია
700 ## - ADDED ENTRY--PERSONAL NAME
Personal name პაპაშვილი. მურმან.
9 (RLIN) 2032
942 ## - ADDED ENTRY ELEMENTS (KOHA)
Source of classification or shelving scheme
Koha item type წიგნი
ეგზემპლარები
ჩამოწერის სტატუსი დაკარგული ეგზემპლარის სტატუსი კლასიფიკაციის წყარო ან თაროზე გაწყობის სქემა დაზიანების სტატუსი არ გაიცემა მუდმივი მდებარეობა (დაცვის ადგილი) ამჟამინდელი ადგილსამყოფელი თაროზე განთავსების ადგილი შეძენის თარიღი ღირებულება, შესყიდვის ნორმალური ფასი სრული შენახვის შიფრი შტრიხკოდი ბოლო ოპერაციის თარიღი ეგზემპლარის მიმდევრობითი ნომერი (კეტერი?) ფასის ძალაში შესვლის თარიღი ეგზემპლარის სახეობა საჯარო შენიშვნა
          ბათუმის შოთა რუსთაველის სახელმწიფო უნივერსიტეტის მთავარი ბიბლიოთეკა ბათუმის შოთა რუსთაველის სახელმწიფო უნივერსიტეტის მთავარი ბიბლიოთეკა წიგნსაცავი 2019-06-10 8.00 27-789.9 ხ-89 59692 2019-06-10 59692 2019-06-10 წიგნი 8 ლ.